मोरपंख पर आँखें कैसी / (Record no. 62772)

MARC details
000 -LEADER
fixed length control field 02624nam a22003137a 4500
005 - DATE AND TIME OF LATEST TRANSACTION
control field 2012021407537.0
010 ## - LCCN (DPL NO)
LC control number B-479283-288
020 ## - INTERNATIONAL STANDARD BOOK NUMBER
International Standard Book Number 8186895361
Terms of availability 75.00
035 ## - SYSTEM CONTROL NUMBER
System control number B-479283-288
037 ## - SOURCE OF ACQUISITION
Source of stock number/acquisition ब्लूबेरी बुक्स
082 ## - DEWEY DECIMAL CLASSIFICATION NUMBER
Classification number
100 ## - MAIN ENTRY--PERSONAL NAME
Personal name नायडू, वायु
245 ## - TITLE STATEMENT
Title मोरपंख पर आँखें कैसी /
Statement of responsibility, etc वायु नायडू;मुग्धा शाह द्वारा चित्रांकित;सुषमा द्वारा अनुदित
260 ## - PUBLICATION, DISTRIBUTION, ETC. (IMPRINT)
Place of publication, distribution, etc चैन्नई
Name of publisher, distributor, etc तूलिका पब्लिशिंग
Date of publication, distribution, etc 2010
270 ## - ADDRESS
Address 13 पृथ्वी ऐवन्यू, अभिरमपुरम
City चैन्नई
Postal code 600018
300 ## - PHYSICAL DESCRIPTION
Extent अ.पृ.
Other physical details सचित्र
Dimensions 22सेमी (अजिल्द)
700 ## - ADDED ENTRY--PERSONAL NAME
Personal name शाह, मुग्धा
9 (RLIN) 41870
700 ## - ADDED ENTRY--PERSONAL NAME
9 (RLIN) 41871
Personal name सुषमा
700 ## - ADDED ENTRY--PERSONAL NAME
9 (RLIN) 41872
942 ## - ADDED ENTRY ELEMENTS (KOHA)
Source of classification or shelving scheme Dewey Decimal Classification
Item type Children Books
Classification part
Call number suffix नायडू
Holdings
Withdrawn status Lost status Not for loan Home library Current library Date acquired Cost, normal purchase price Full call number Cost, replacement price Koha item type Collection code Source of acquisition Barcode Copy number
    Ordered Andrews Gunj Andrews Gunj 14/02/2012 75.00 क नायडू 75.00 Children Books        
      Andrews Gunj Andrews Gunj 24/08/2012 75.00 क नायडू 75.00 Children Books Fiction ब्लूबेरी बुक्स/IN8483/14.04.12/43/20.03.12/19.05.12 B-479285 1
  Written-off vide DLB M. No. 383 dt 16.05.19   Netaji Nagar Netaji Nagar 24/08/2012 75.00 क नायडू 75.00 Children Books Fiction ब्लूबेरी बुक्स/IN8483/14.04.12/43/20.03.12/19.05.12 B-479287 1
      R.K.Puram-8 R.K.Puram-8 24/08/2012 75.00 क नायडू 75.00 Children Books Fiction ब्लूबेरी बुक्स/IN8483/14.04.12/43/20.03.12/19.05.12 B-479284 1
      Sarojini Nagar Sarojini Nagar 24/08/2012 75.00 क नायडू 75.00 Children Books Fiction ब्लूबेरी बुक्स/IN8483/14.04.12/43/20.03.12/19.05.12 B-479283 1
  Written-off vide DLB M. No. 383 dt 16.05.19   Sriniwas Puri Sriniwas Puri 24/08/2012 75.00 क नायडू 75.00 Children Books Fiction ब्लूबेरी बुक्स/IN8483/14.04.12/43/20.03.12/19.05.12 B-479286 1
      Vinoba Puri Vinoba Puri 24/08/2012 75.00 क नायडू 75.00 Children Books Fiction ब्लूबेरी बुक्स/IN8483/14.04.12/43/20.03.12/19.05.12 B-479288 1

© Delhi Public Library
Hit Counter
free hit counter